| 000 | 01736nma a22002777a 4500 | ||
|---|---|---|---|
| 005 | 20210325194652.0 | ||
| 006 | g q || | ||
| 008 | s2547 th tha d | ||
| 041 | _atha | ||
| 090 | _aCD661 | ||
| 110 | 0 | _aสำนักงานกองทุนสนับสนุนการวิจัย | |
| 245 | 1 | 0 | _aนวัตกรรมท้องถิ่นไทย ครั้งที่ 1 13-14 ตุลาคม 2547 ณ ศูนย์การประชุมนานาชาติไบเทคบางนา กรุงเทพมหานคร [CD-ROM] |
| 260 | 3 |
_aกรุงเทพฯ : _bสำนักงานกองทุนสนับสนุนการวิจัย, _c2547 |
|
| 300 | _a1 แผ่นsd., col. | ||
| 610 | _aคณะรัฐศาสตร์ จุฬาลงกรณ์มหาวิทยาลัย | ||
| 610 | _aโครงการวิถีใหม่ขององค์กรปกครองส่วนท้องถิ่นในประเทศไทย | ||
| 610 | _aสำนักงานกองทุนสนับสนุนการวิจัย | ||
| 650 | 0 | 4 | _aนวัตกรรมท้องถิ่นไทย |
| 650 | 0 | 4 | _aนวัตกรรมทางการเกษตร |
| 650 | 0 | 4 | _aนวัตกรรมทางการเกษตรนวัตกรรมท้องถิ่นไทย |
| 710 | 1 | _aคณะรัฐศาสตร์ จุฬาลงกรณ์มหาวิทยาลัย | |
| 850 | _aNALT | ||
| 942 | _cCD | ||
| 997 |
_c000000000044894 _kVC |
||
| 998 | _aน.ส.อรอุษา โอภาสมงคลชัย | ||
| 999 |
_c44894 _d44894 |
||